Speed Typing (again) (again) (again) - Statistics

General Stats
  • This quiz has been taken 75 times
  • The average score is 48 of 100
Answer Stats
Hint Answer % Correct
c c
100%
h h
100%
i i
100%
i i
100%
m m
100%
s s
100%
w w
100%
o o
97%
t t
97%
t t
97%
w w
97%
h h
94%
i i
94%
m m
91%
s s
91%
i i
89%
c c
86%
o o
83%
t t
83%
t t
83%
h h
80%
w w
80%
i i
77%
m m
77%
s s
77%
c c
74%
i i
74%
o o
74%
t t
74%
t t
74%
h h
71%
i i
71%
m m
71%
w w
71%
s s
66%
c c
63%
i i
63%
o o
60%
h h
54%
t t
54%
t t
54%
w w
54%
i i
49%
m m
49%
s s
46%
c c
43%
i i
43%
o o
43%
t t
43%
t t
43%
h h
40%
i i
40%
m m
40%
w w
40%
c c
37%
i i
37%
s s
37%
o o
34%
t t
34%
t t
34%
h h
31%
i i
31%
m m
31%
w w
31%
s s
29%
c c
26%
i i
26%
o o
23%
t t
23%
t t
23%
c c
20%
h h
20%
i i
20%
i i
20%
m m
20%
o o
20%
s s
20%
t t
20%
t t
20%
w w
20%
w w
14%
c c
11%
h h
11%
h h
11%
i i
11%
i i
11%
i i
11%
m m
11%
o o
11%
s s
11%
t t
11%
t t
11%
w w
11%
c c
9%
i i
9%
m m
9%
o o
9%
s s
9%
t t
9%
t t
9%
No matching quizzes found
Score Distribution
Percent of People with Each Score
Percentile by Number Answered
Your Score History
You have not taken this quiz